header

CNNA (Record no. 224100)

MARC details
000 -LEADER
fixed length control field 02609nam a2200385 a 4500
082 04 - DEWEY DECIMAL CLASSIFICATION NUMBER
Classification number 004.6076
100 1# - MAIN ENTRY--AUTHOR NAME
Personal name Lammle, Todd.
245 10 - TITLE STATEMENT
Title CNNA
250 ## - EDITION STATEMENT
Edition statement 1st ed.
260 ## - PUBLICATION, DISTRIBUTION, ETC. (IMPRINT)
Place of publication Indianapolis :
Name of publisher Wiley Technology Pub.,
Year of publication c2011.
300 ## - PHYSICAL DESCRIPTION
Number of Pages xx, 338 p. :
Other physical details ill.
490 1# - SERIES STATEMENT
Series statement Serious skills
500 ## - GENERAL NOTE
General note Includes index.
520 ## - SUMMARY, ETC.
Summary, etc "Organized by exam objectives, this is a focused, concise review guide that works hand-in-hand with any learning tool, including the Sybex CCNA: Cisco Certified Network Associate Study Guide, 7th and Deluxe editions.The book will consist of eight high-level chapters, each mapping to the eight main Domains of the exam objectives. The book will drill down into the specifics of the exam, covering the following: Describe how a network works Configure, verify and troubleshoot a switch with VLANs and interswitch communications Implement an IP addressing scheme and IP Services to meet network requirements in a medium-size Enterprise branch office network Configure, verify, and troubleshoot basic router operation and routing on Cisco devices Explain and select the appropriate administrative tasks required for a WLAN Identify security threats to a network and describe general methods to mitigate those threats Implement, verify, and troubleshoot NAT and ACLs in a medium-size Enterprise branch office network Implement and verify WAN links The book will also include an interactive CD, with two bonus exams, handy flashcard questions, and a searchable PDF of a Glossary of Terms"--
650 #0 - SUBJECT ADDED ENTRY--TOPICAL TERM
Topical Term Computer networks
Topical Term Telecommunications engineers
856 40 - ELECTRONIC LOCATION AND ACCESS
Uniform Resource Identifier http://site.ebrary.com/lib/rucke/Doc?id=10484921
520 ## - SUMMARY, ETC.
-- Provided by publisher.

No items available.

© 2026 Rongo University
Contact us: librarian | system librarian | Rongo university